| 000 | 01087cam a22003254a 4500 | ||
|---|---|---|---|
| 999 |
_c35490 _d35490 |
||
| 001 | YPZ18677 | ||
| 003 | YPZ | ||
| 005 | 20260310110903.0 | ||
| 008 | 070227s1998 sp a grb||| 001 0 spa|d | ||
| 020 | _a9505816030 | ||
| 040 | _cSIUNPA | ||
| 041 | _aspa | ||
| 044 | _aag | ||
| 080 | _a070.13 B645d | ||
| 100 |
_aBlaustein, Eduardo _4, autor _d1957- |
||
| 245 |
_aDecíamos ayer _b : la prensa argentina bajo el proceso ayer _c/ Eduardo Blaustein, ... [et al.] |
||
| 260 |
_aBuenos Aires _b: Colihue _c, c1998 |
||
| 300 |
_a649 p. _b: il. |
||
| 500 | _aEn cubierta: Los 3.000 días más trágicos de la historia argentina. Textos e imágenes con todo lo que diarios y revistas de la época dijieron, silenciaron o tergiversaron | ||
| 500 | _aEl año de reimpresión varía según el ejemplar | ||
| 650 | _a PRENSA | ||
| 650 | _a PERIODISMO | ||
| 650 | _a LIBERTAD DE EXPRESION | ||
| 650 | _a DESAPARECIDOS | ||
| 650 | _a TERRORISMO DE ESTADO | ||
| 650 | _a HISTORIA ARGENTINA | ||
| 650 | _a SIGLO XX | ||
| 700 |
_aZubieta, Martín _4, autor _d1966- |
||
| 942 |
_cBK _2udc |
||